00492nam a2200157 i 4500001000300000100003500003245004700038260002100085040000800106041000800114942000700122008004100129999001700170856009800187952004900285bg1 aJackson, John Davidd(1925- ). 0aElektrodynamika klasyczna /cJ.D. Jackson. aWarszawa,c1982. cBPK apol cKS s pl f |000 0 pol  c20745d20745 uhttp://koha.tu.koszalin.pl/cgi-bin/koha/opac-detail.pl?biblionumber=20745yKatalog online BPK 00104070aBPKbBPKcwo29186p01136975yKS